| 000 | 00525cam a2200205ua 4500 | ||
|---|---|---|---|
| 001 | 3133 | ||
| 008 | 111010n ii |||gr||||Z||||||asm | ||
| 020 | _a81-7665-073-0 | ||
| 040 | _cMAIN | ||
| 082 | _a891.451 | ||
| 100 |
_aGoswami, Mamoni Raison, _eTranslator. |
||
| 245 | 1 | 1 |
_aKalam _ctranltd by Mamoni Raison Goswami |
| 250 | _a1st. | ||
| 260 |
_aGuahati: _bStudents stores, _c2001. |
||
| 300 |
_a212p: _c23cm. |
||
| 653 | _aAssamese fiction | ||
| 653 | _aKalam | ||
| 700 |
_aGoswami, Papori, _eTranslator. |
||
| 942 | _cBK | ||
| 999 |
_c2979 _d2979 |
||